Revolution und Konterrevolution in Deutschland

Salvato in:
Dettagli Bibliografici
Natura: Libro
Lingua:tedesco
Pubblicazione: Berlin Dietz 1949
Tags: Aggiungi Tag
Nessun Tag, puoi essere il primo ad aggiungerne!!

MARC

LEADER 00000nam a2200000 4500
001 0314069
005 20260115134107.4
041 0 |a ger 
044 |a DE 
245 1 0 |a Revolution und Konterrevolution in Deutschland  |c Karl Marx 
264 1 |a Berlin  |b Dietz  |c 1949